From reaction to cognition : 5th European Workshop on Modelling Autonomous agents in multi-Agent world, MAAMAW '93, Neuchatel, Switzerland, August 25-27, 1993 : selected papers

Αποθηκεύτηκε σε:
Λεπτομέρειες βιβλιογραφικής εγγραφής
Συγγραφή απο Οργανισμό/Αρχή: European Workshop on Modelling Autonomous Agents in Multi-Agent World
Άλλοι συγγραφείς: Castelfranchi, Cristiano (Επιμελητής έκδοσης), Muller, Jean-Pierre (Επιμελητής έκδοσης)
Μορφή: Βιβλίο
Γλώσσα:English
Δημοσίευση: Berlin ; : New York : Springer, c1995
Σειρά:Lecture notes in computer science. Lecture notes in artificial intelligence ; ; 957
Θέματα:
Ετικέτες: Προσθήκη ετικέτας
Δεν υπάρχουν, Καταχωρήστε ετικέτα πρώτοι!

MARC

LEADER 00000nam a2200000 i 4500
001 1/97884
008 000119s1995 eng d
020 |a 3-540-60155-4 
035 |l 10056305 
040 |a GR-MY-UA  |b gre  |e aacr 
041 0 |a eng 
082 0 |a 006.3 
110 2 |a European Workshop on Modelling Autonomous Agents in Multi-Agent World. 
245 1 0 |a From reaction to cognition :  |b 5th European Workshop on Modelling Autonomous agents in multi-Agent world, MAAMAW '93, Neuchatel, Switzerland, August 25-27, 1993 : selected papers /  |c Cristiano Castelfranchi, Jaen-Pierre Muller (eds). 
260 |a Berlin ; :   |a New York :   |b Springer,   |c c1995 
300 |a vi, 252 p.;  |b ill.;  |c 24 cm. 
490 1 |a Lecture notes in computer science. Lecture notes in artificial intelligence  |v ; 957 
504 |a Includes bibliographical references 
650 0 0 |a Artificial intelligence  |x Congresses. 
700 1 |a Castelfranchi, Cristiano.  |4 edt 
700 1 |a Muller, Jean-Pierre.  |4 edt 
830 0 |a Lecture notes in computer science. Lecture notes in artificial intelligence ;  |v ; 957 
852 |a INST  |b SAMOS  |e 20000119  |h 006.3 EUR  |p 005300016049  |q 005300016049  |t BK  |y 0 
901 |a BIBL3-2000-1 
909 |a Σ  |b 071518 
922 |a 3ΕΛΗ  |b 199912  |c ΤΠΕΣ  |d ΠΑΠΑΣΩΤΗΡΙΟΥ 
950 |a 133-1999-07-20 
970 |a ΠΟΥΡΝΑΡΑΣ  |b ΔΗΜΗΤΡΗΣ  |z 2000/01/19